Je spoločensky zodpovedné podnikanie iba módny výstrelok?
Súťaženie firiem o príťažlivejšie spoločenské prínosy. Skutočne vynaložené prostriedky na dobrovoľnú činnosť 100 top spoločností Londýnskej burzy za rok 2004. Otázky týkajúce sa zodpovedného podnikania. Uberá sa myšlienka spoločesnsky zodpovednej firmy správnym smerom?
Saved in:
| Main Author: | |
|---|---|
| Format: | Book Chapter |
| Language: | Slovak |
| Subjects: | |
| Tags: |
No Tags, Be the first to tag this record!
|
MARC
| LEADER | 00000naa$a2200000$$$4500 | ||
|---|---|---|---|
| 001 | 0050199 | ||
| 005 | 20240502083131.6 | ||
| 041 | 0 | |a slo | |
| 044 | |a CZ | ||
| 245 | 1 | 0 | |a Je spoločensky zodpovedné podnikanie iba módny výstrelok? |c Rastislav Bielik |
| 520 | |a Súťaženie firiem o príťažlivejšie spoločenské prínosy. Skutočne vynaložené prostriedky na dobrovoľnú činnosť 100 top spoločností Londýnskej burzy za rok 2004. Otázky týkajúce sa zodpovedného podnikania. Uberá sa myšlienka spoločesnsky zodpovednej firmy správnym smerom? | ||
| 610 | 2 | 0 | |a podnikanie |
| 610 | 2 | 0 | |a podnik |
| 610 | 2 | 0 | |a zodpovednosť spoločenská |
| 610 | 2 | 0 | |a ekológia |
| 610 | 2 | 0 | |a ochrana prostredia životného |
| 610 | 2 | 0 | |a vzťahy medziľudské |
| 610 | 2 | 0 | |a vzťahy obchodné |
| 610 | 2 | 0 | |a etika podnikateľská |
| 610 | 2 | 0 | |a morálka |
| 100 | 1 | |a Bielik, Rastislav | |